[Event "FIDE World Cup 2007"]
[Site "Khanty-Mansiysk"]
[Date "2007.11.24"]
[Round "1.1"]
[White "Sutovsky, Emil"]
[Black "Zhou, Jianchao"]
[Result "1/2-1/2"]
[WhiteElo "2655"]
[BlackElo "2566"]
[Annotator "Lebedev, Vasilii"]
[PlyCount "51"]
[EventDate "2007.11.24"]
[Source "ChessZone.org"]
[SourceDate "2007.12.01"]

{Ýìèëü Ñóòîâñêèé ìîæåò, âûèãðàòü, ìîæåò ïðîèãðàòü, ìîæåò ñûãðàòü âíè÷üþ.
Îäíîãî îí íå ìîæåò - ñûãðàòü íåèíòåðåñíî!} 1. e4 e5 2. Nf3 Nc6 3. Bb5 Nf6 4. d3
{Âäàëè îò øóìà ãîðîäñêîãî, âäàëè îò ñòîëáîâûõ äîðîã. Ñòîëáîâûõ äîðîã òåîðèè,
ðàçóìååòñÿ.} Bc5 5. c3 O-O 6. O-O d6 7. Bg5 h6 8. Bh4 g5 {Äèàãðàììà #} 9. Bg3 (
{Æåðòâà} 9. Nxg5 {
íå ïðîõîäèò, ÷òî áûëî ïðîäåìîíñòðèðîâàíî â ñëåäóþùåé ïàðòèè -} hxg5 10. Bxg5
Kg7 11. Bxc6 bxc6 12. d4 Bb6 13. a4 a5 14. Qf3 Qe7 15. Nd2 Qe6 16. dxe5 Qxe5
17. Bh4 Be6 18. Qd3 Ng4 19. Nf3 Qh5 20. Bg3 Rh8 21. Qd2 f6 22. h4 c5 23. Qc2
Rhg8 24. c4 Kh8 25. Ra3 Rg7 26. Rc3 Rag8 27. Ne1 Ne5 28. Bxe5 dxe5 29. f4 Qxh4
30. f5 Bf7 31. Re3 Bh5 32. b3 Bg4 33. Nf3 Qh6 34. Rd3 c6 35. Rf2 Rh7 36. Kf1
Qf4 37. Nh4 Qxe4 38. Ng6+ Rxg6 {
(0-1 Akopian,V (2704) - Georgiev,K (2645)/Moscow 2006).}) 9... a6 $146 ({
ßñíîå äåëî, ÷òî êèòàéñêèé øàõìàòèñò ïðè ïîäãîòîâêå ê ïàðòèè îðèåíòèðîâàëñÿ íà
ñëåäóþùèå} 9... Bg4 10. h3 Bh5 11. Bxc6 bxc6 12. Nbd2 Qd7 13. Nc4 Rae8 14. Ne3
{(1/2 Sutovsky,E (2628) - Hracek,Z (2593)/Turin 2006). È ïîäãîòîâèë íîâèíêó.})
10. Bxc6 bxc6 11. Re1 {Áåëûå ãîòîâû ê d4.} Ba7 {
À ÷¸ðíûå íå õîòÿò ïîäñòàâëÿòü ñâîåãî ñëîíà ïîä ýòîò ñàìûé «òû÷îê».} (11...
g4 $5) 12. d4 {Òåïåðü «ðóáêà» íà äîñêå áóäåò äëèòüñÿ äî ñàìîãî êîíöà ïàðòèè!}
g4 13. dxe5 {Äèàãðàììà #} Nh5 ({Íå ñêàçàë áû, ÷òî} 13... gxf3 {
áîëåå ïðèâëåêàòåëüíåå, íåæåëè ïðîäîëæåíèå â ïàðòèè -} 14. exf6 fxg2 ({èëè} 
14... Qxf6 15. e5 $1) 15. Qf3 {- ó áåëûõ ëó÷øå.}) 14. Nd4 ({
Ïî çðåëîìó ðàçìûøëåíèþ ñòàíîâèòñÿ ïîíÿòíî, ÷òî} 14. Bh4 $5 {
òîëüêî çàñëóæèâàåò, íî âòîðîñòåïåííîãî âíèìàíèÿ ââèäó ñëåäóþùåãî âàðèàíòà} Qd7
15. Nd4 dxe5 16. Nf5 Qxd1 17. Ne7+ Kg7 18. Rxd1 Nf4 $1 $132) 14... Nxg3 15.
Nxc6 {Ôîðñèðîâàííûé âàðèàíò íåîáõîäèìî ïðîäîëæàòü.} ({Åñëè} 15. hxg3 {, òî}
dxe5 {è íà} 16. Nxc6 ({è ïîñëå} 16. Nf5 Bxf5 17. exf5 Qg5 {ó ÷¸ðíûõ ïîëó÷øå})
{ïîñëåäóåò, ðàçóìååòñÿ,} 16... Bxf2+ $1 17. Kxf2 Qf6+ 18. Kg1 Qxc6 $15 {è ò.ä.}
) 15... Bxf2+ $1 {Òî ëè òî÷íûé ðàñ÷¸ò, òî ëè õîðîøàÿ äîìàøíÿÿ ðàáîòà.} 16.
Kxf2 Qd7 {Äèàãðàììà # Òàê êàê ñâîé êîíü ïîä áîåì, òî íàïàä¸ì â îòâåò íà
÷óæîãî. Íó è «çàîäíî» ôåðçÿ èç-ïîä óäàðà óâåä¸ì.} 17. Kxg3 ({
Æàäíîñòü áûëî ïðîÿâëÿòü íåóìåñòíî -} 17. Na5 Nxe4+ $1 18. Rxe4 Qf5+ 19. Ke3 Re8
$1 $44) (17. Nb4 Nxe4+ 18. Rxe4 Qf5+ 19. Ke3 dxe5 {, è îïÿòü ìîæíî ãîâîðèòü îá
îáîþäîîñòðîì ïîëîæåíèè è êîìïåíñàöèè ÷¸ðíûõ çà ïîæåðòâîâàííûé ìàòåðèàë. Åù¸
áû! Ïðè òàêîì-òî ïîëîæåíèè êîðîëÿ ïðîòèâíèêà!}) 17... Qxc6 18. exd6 ({Åñëè} 18.
Qd5 {, òî} Qb6 $1 19. Qxa8 $140 $2 ({êîíå÷íî,} 19. exd6 $142 Be6 20. Qd2 Rfd8
$13) 19... h5 $3 20. b3 ({èëè} 20. Re2 dxe5 21. Qd5 Qf6 {è ìàò íåèçáåæåí!}) ({
èëè} 20. h4 Bb7 21. Qxf8+ Kxf8 22. Re2 Bxe4 $1 {è ò.ä.}) 20... h4+ 21. Kxh4
Qf2+ 22. g3 Kg7 $19) 18... Be6 {Ó ÷¸ðíûõ íå õâàòàåò óæå äâóõ ïåøåê, à îíè
ñïîêîéíî ðàçâèâàþòñÿ! Ðàçóìååòñÿ, ãëàâíàÿ ïðè÷èíà òàêîé íåâîçìóòèìîñòè -
áåëûé êîðîëü íà g3...} 19. Qd2 ({Ñëåäóþùèé âàðèàíò õîðîøî ïîêàçûâàåò ñ êàêèìè
ïðîáëåìàìè ìîãëè ñòîëêíóòüñÿ áåëûå -} 19. dxc7 $2 Qxc7+ 20. e5 $8 (20. Kf2 $4
Qb6+ 21. Kf1 ({èëè} 21. Kg3 Qxb2 22. Nd2 Rad8 $19) 21... Bc4+ {è ò.ä.}) 20...
Rad8 21. Qe2 ({èëè} 21. Qc2 Rd5 22. Qe2 f6 $1 $40) 21... f5 $1 22. h3 {
(âñ¸ îñòàëüíîå åù¸ õóæå)} f4+ 23. Kh2 f3 $1 24. Qe3 {È äîáèâàíèå -} g3+ $1 25.
Kh1 fxg2+ 26. Kg1 ({åñëè} 26. Kxg2 {, òî} Qb7+ $1 27. Kxg3 (27. Kg1 Rf3 $19)
27... Rd3 $3) 26... Rf1+ $1 27. Kxg2 Qc6+ $3 {
È ìîæåòå óáåäèòüñÿ ñàìè, ÷òî áåëûå âî âñåõ âàðèàíòàõ ïîëó÷àþò ìàò!}) 19...
Rad8 {Äèàãðàììà #} 20. Qxh6 {
Âèäèìî, îñíîâàòåëüíî ïîäóìàâ, áåëûå ðåøàþò ôîðñèðîâàòü íè÷üþ.} ({
Ïîïðîáóåì ðàçîáðàòüñÿ ìîãëè ëè îíè ïðåòåíäîâàòü íà áîëüøåå, ñûãðàâ} 20. e5 cxd6
21. Qxh6 dxe5 22. Rxe5 Qc7 {è ïëîõî -} 23. Qf4 $2 ({
íàäî îáúÿâëÿòü âå÷íûé øàõ -} 23. Qg5+ Kh7 24. Qh5+ Kg7 $11) 23... Rd3+ 24. Kf2
f6 $1 25. Re4 ({èëè} 25. Ke2 fxe5 26. Qg5+ Kf7 27. Kxd3 Qc4+ {è ò.ä.}) 25...
Qb6+ 26. Ke2 Rfd8 $40 {, êîòîðàÿ ÿâëÿåòñÿ ñîêðóøèòåëüíîé -} 27. b3 g3 $3 {
Ñìûñë ýòîãî õîäà â òîì, ÷òî òåïåðü ÷¸ðíîìó ôåðçþ (ïðè ñëó÷àå) îòêðûâàåòñÿ
äîðîãà íà... h1.} 28. hxg3 ({îöåíêà ïîçèöèÿ ïîñëå} 28. Qxf6 Re3+ $1 29. Rxe3
Bg4+ {ÿñíà, êàê áîæèé äåíü.}) 28... Rd1 29. Qe3 ({èëè} 29. Re3 Qb5+ 30. c4 Qh5+
31. Kf2 Qh1 $19) ({èëè} 29. Qh6 Re1+ $1 30. Kxe1 Qg1+ 31. Ke2 Qxg2+ 32. Ke3
Qxg3+ 33. Ke2 Bg4+ {è ò.ä.}) 29... Bc4+ $1 30. bxc4 (30. Kf3 R8d3 $19) 30...
Qb2+ {Ýòî ðàçãðîì!}) 20... Qxd6+ 21. Kf2 ({Åñëè} 21. Qf4 {, òî} Qb6 $1) 21...
Qb6+ 22. Qe3 {Äèàãðàììà #} Qxb2+ 23. Re2 Qxa1 24. Qg5+ Kh7 25. Qh5+ Kg7 26.
Qg5+ {Âåñ¸ëàÿ ïàðòèÿ!} 1/2-1/2